| 000 | 00420 a2200109 4500 | ||
|---|---|---|---|
| 001 | ART_41727 | ||
| 005 | 20260410161805.0 | ||
| 008 | 260409a | ||
| 245 | 1 | 0 | _aLas sentencias recaídas en juicios excluídos del fuero de atracción y la naturaleza del plazo de seis meses para verificar |
| 100 | 1 | _aJunyent Bas, Francisco | |
| 773 | 0 |
_tDoctrina Societaria y Concursal _g- Nº 310 (sep. 2013) _wREV4298 |
|
| 999 |
_c20966 _d20966 |
||